000 00854nam a2200253Ia 4500
008 191130s1990##################000#0#eng##
020 _a9780202304106
022 _a89077723
040 _aACL
_cACL
082 _a303.48 BLU
100 _aBlumer, Herbert
245 _aIndustrialization as an agent of social change : a critical analysis
_cby Herbert Blumer ; edited with an introduction by David R. Maines and Thomas J. Morrione
260 _aNew York
_bAldine de Gruyter
_cc1990
300 _axxiv, 171 p. ; 24 cm
500 _aIncludes bibliographical references (p. xiii-xxiv) and index
650 _aIndustrialization
650 _aPower (Social sciences)
650 _aSocial change
700 _aMaines, David R
700 _aMorrione, Thomas J
990 _adbeb7192ac10000c5e241e375bb8ca78
991 _a9962
999 _c214518
_d214518